00715 2200253 4500001002100000005001500021035002000036007000300056008004100059020002200100082001100122084001700133100002000150245010300170250001000273260003400283300003000317650003200347700001300379700001900392520002800411990001100439990001100450INLIS00000000000452120191128101501 a0010-1119000148ta191128 g 0 ind  a978-602-14916-0-7 a370.11 a370.11 ISK r0 aISKANDAR, Agung1 aReorientasi Pendidikan Karakter Revolusi Mental /cIskandar Agung, Sudiyono; editor, Lufti Yansyah acet.1 aJakarta :bEdu Pustaka,c2017 a98 hlm. :bilus. ;c21 cm 4aPENDIDIKAN. REVOLUSI MENTAL0 aSUDIYONO0 aLUTFI, Yansyah aBibliografi: hlm. 95-98 a7206 a a7206 b